Czarnogórskie gminy - Statystyki

Ogólne statystyki
  • Ten quiz został rozwiązany 5 razy
  • Średni wynik to 11 z 21
Statystyki odpowiedzi
Gminy % Poprawnych
Podgorica
100%
Kotor
80%
Bar
60%
Budva
60%
Cetynia
60%
Herceg Novi
60%
Kolašin
60%
Nikšić
60%
Ulcinj
60%
Andrijevica
40%
Berane
40%
Bijelo Polje
40%
Danilovgrad
40%
Mojkovac
40%
Plav
40%
Pljevlja
40%
Plužine
40%
Rožaje
40%
Šavnik
40%
Tivat
40%
Žabljak
40%
Nie znaleziono quizów pasujących do podanych kryteriów
Rozkład punktacji
Procent ludzi z każdym wynikiem
Percentyl według liczby udzielonych odpowiedzi
Twoja historia wyników
Nie rozwiązałeś tego quizu